00695 a2200193 45000010006000000050017000060080041000230030015000640400040000790800034001192450056001530200018002092640039002273000019002665050091002850410008003761000018003848560099004024752720260407155742.0260407a1992 arg spa dAR-UNSa-BCEJYS aAR-UNSa-BCEJYSbspacAR-UNSa-BCEJYS a94(82)xHistoria de Argentina10aFracturas y continuidadespen la historia argentina a950-07-0789-6 1aBuenos Aires :bSudamericanac1992 a345 p.c23 cm. a1. Crónicas e imágenes - 2. Análisis y reflexiones - 3. Mirajes y perspectivas.  aspa1 aLuna, Félix41uhttps://www.biblioeco.unsa.edu.ar/pmb/images/libros/L127597.jpgyImagen de portadaqimage/jpeg